<?xml version="1.0" encoding="UTF-8"?>
<record
    xmlns:xsi="http://www.w3.org/2001/XMLSchema-instance"
    xsi:schemaLocation="http://www.loc.gov/MARC21/slim http://www.loc.gov/standards/marcxml/schema/MARC21slim.xsd"
    xmlns="http://www.loc.gov/MARC21/slim">

  <leader>00805nam a22002657a 4500</leader>
  <controlfield tag="003">OSt</controlfield>
  <controlfield tag="005">20240708182601.0</controlfield>
  <controlfield tag="007">ta</controlfield>
  <controlfield tag="008">240708b        |||||||| |||| 00| 0 sp  d</controlfield>
  <datafield tag="020" ind1=" " ind2=" ">
    <subfield code="a">9681864891</subfield>
  </datafield>
  <datafield tag="040" ind1=" " ind2=" ">
    <subfield code="a">CUNOROC</subfield>
    <subfield code="b">spa</subfield>
    <subfield code="c">CUNOROC</subfield>
    <subfield code="d">CUNOROC</subfield>
  </datafield>
  <datafield tag="041" ind1=" " ind2=" ">
    <subfield code="a">spa</subfield>
    <subfield code="d">spa</subfield>
    <subfield code="e">spa</subfield>
    <subfield code="g">spa</subfield>
    <subfield code="h">spa</subfield>
  </datafield>
  <datafield tag="082" ind1=" " ind2=" ">
    <subfield code="a">ING 624.1513 C921:5 </subfield>
  </datafield>
  <datafield tag="100" ind1="1" ind2="0">
    <subfield code="a">Crespo Villalaz, Carlos</subfield>
    <subfield code="e">Autor</subfield>
    <subfield code="9">8509</subfield>
  </datafield>
  <datafield tag="245" ind1="1" ind2="0">
    <subfield code="a">Mec&#xE1;nica de suelos y cimentaciones./</subfield>
    <subfield code="c">Carlos Crespo Villalaz./</subfield>
    <subfield code="h">Impreso.</subfield>
  </datafield>
  <datafield tag="250" ind1=" " ind2=" ">
    <subfield code="a">5ta.</subfield>
  </datafield>
  <datafield tag="260" ind1=" " ind2=" ">
    <subfield code="a">M&#xE9;xico:</subfield>
    <subfield code="b">Limusa;</subfield>
    <subfield code="c">c2006.</subfield>
  </datafield>
  <datafield tag="300" ind1=" " ind2=" ">
    <subfield code="a">650 p&#xE1;ginas:</subfield>
    <subfield code="b">il.;</subfield>
    <subfield code="c">23 cm.</subfield>
  </datafield>
  <datafield tag="650" ind1=" " ind2=" ">
    <subfield code="a"> Mec&#xE1;nica de suelos </subfield>
    <subfield code="9">7959</subfield>
  </datafield>
  <datafield tag="650" ind1=" " ind2=" ">
    <subfield code="a">Cimentaciones </subfield>
    <subfield code="9">7877</subfield>
  </datafield>
  <datafield tag="650" ind1=" " ind2=" ">
    <subfield code="a">Ingenier&#xED;a civil </subfield>
    <subfield code="9">8510</subfield>
  </datafield>
  <datafield tag="650" ind1=" " ind2=" ">
    <subfield code="a">Mec&#xE1;nica aplicada </subfield>
    <subfield code="9">8511</subfield>
  </datafield>
  <datafield tag="650" ind1=" " ind2=" ">
    <subfield code="a">Consolidaci&#xF3;n de suelos</subfield>
    <subfield code="9">8512</subfield>
  </datafield>
  <datafield tag="942" ind1=" " ind2=" ">
    <subfield code="2">ddc</subfield>
    <subfield code="c">BK</subfield>
    <subfield code="n">0</subfield>
  </datafield>
  <datafield tag="999" ind1=" " ind2=" ">
    <subfield code="c">3090</subfield>
    <subfield code="d">3090</subfield>
  </datafield>
  <datafield tag="952" ind1=" " ind2=" ">
    <subfield code="0">0</subfield>
    <subfield code="1">0</subfield>
    <subfield code="2">ddc</subfield>
    <subfield code="4">0</subfield>
    <subfield code="7">0</subfield>
    <subfield code="8">NFIC</subfield>
    <subfield code="a">CUH</subfield>
    <subfield code="b">CUH</subfield>
    <subfield code="c">GEN</subfield>
    <subfield code="d">2024-07-08</subfield>
    <subfield code="i">25-210-H-9134-2023</subfield>
    <subfield code="l">0</subfield>
    <subfield code="o">ING 624.1513 C921:5 </subfield>
    <subfield code="p">25-210-H-9134-2023</subfield>
    <subfield code="r">2024-07-08 18:27:01</subfield>
    <subfield code="t">1</subfield>
    <subfield code="w">2024-07-08</subfield>
    <subfield code="y">BK</subfield>
    <subfield code="z">Disponible</subfield>
  </datafield>
</record>
